Operations research / (Record no. 38790)

MARC details
000 -LEADER
fixed length control field 00655nam a22002057a 4500
005 - DATE AND TIME OF LATEST TRANSACTION
control field 20100802162611.0
010 ## - LCCN (DPL NO)
LC control number ENG-97801
020 ## - INTERNATIONAL STANDARD BOOK NUMBER
International Standard Book Number 9789380173726
Terms of availability 150.00
035 ## - SYSTEM CONTROL NUMBER
System control number EN-81334
037 ## - SOURCE OF ACQUISITION
Source of stock number/acquisition DBAD/PUB
082 ## - DEWEY DECIMAL CLASSIFICATION NUMBER
Classification number 003
100 ## - MAIN ENTRY--PERSONAL NAME
Personal name Nagaraja, S.
245 ## - TITLE STATEMENT
Title Operations research /
Statement of responsibility, etc by S. Nagaraja
260 ## - PUBLICATION, DISTRIBUTION, ETC. (IMPRINT)
Place of publication, distribution, etc Koradacheri
Name of publisher, distributor, etc Aruma Publishers
Date of publication, distribution, etc 2009
270 ## - ADDRESS
Address 35, Gandhi Colony
City Koradacheri
Postal code 613703
300 ## - PHYSICAL DESCRIPTION
Extent 141p.
Dimensions 20cm (pbk)
650 ## - SUBJECT ADDED ENTRY--TOPICAL TERM
Topical term or geographic name as entry element Operations Research
942 ## - ADDED ENTRY ELEMENTS (KOHA)
Source of classification or shelving scheme Dewey Decimal Classification
Item type English Books
Classification part 003
Call number suffix NAG
Holdings
Withdrawn status Lost status Not for loan Collection code Home library Current library Date acquired Source of acquisition Cost, normal purchase price Full call number Barcode Copy number Cost, replacement price Koha item type
    Not For Loan Non-fiction D.B.Act.Division D.B.Act.Division 02/08/2010 DBAD/PUB 150.00 003 NAG EN-81334 1 150.00 English Books

© Delhi Public Library
Hit Counter
free hit counter